000 00864cab a2200301 4500
001 ABS53500
008 090401t1995 xxu||||| |||| 00| 0 eng d
035 _a(Sirsi) u4735
041 _aeng
100 _aBaldwin, R.
245 4 _aThe new Red Book
260 _c1995
350 _a0
490 _aEstates Gazette
_v(9535) 2 September 1995, 128-129(2)
520 _aDiscusses the key elements of the new Red Book and the implications these may have for the valuer.
650 _aCLIENTS
650 _aGUIDANCE NOTES
650 _aNEW RED BOOK
650 _aPRACTICE STATEMENTS
650 _aRICS APPRAISAL AND VALUATION MANUAL
650 _aRICS
650 _aSURVEYORS
650 _aVALUATION MANUAL
690 _aMANAGEMENT-BUSINESS MANAGEMENT-PROFESSIONAL PRACTICE
690 _aRATING AND VALUATION
942 _n0
948 _c04/03/1997
999 _c2869
_d2869